Najwyższe szczyty pasm górskich w Polsce - Statystyki

Ogólne statystyki
  • Ten quiz został rozwiązany 188 razy
  • Średni wynik to 11 z 28
Statystyki odpowiedzi
Pasmo Górskie Najwyższy Szczyt % Poprawnych
Tatry Rysy
97%
Karkonosze Śnieżka
95%
Beskid Żywiecki Babia Góra
85%
Bieszczady Tarnica
80%
Masyw Śnieżnika Śnieżnik
77%
Góry Świętokrzyskie Łysica
66%
Gorce Turbacz
62%
Masyw Ślęży Ślęża
59%
Beskid Śląski Skrzyczne
50%
Góry Sowie Wielka Sowa
50%
Beskid Sądecki Radziejowa
39%
Góry Stołowe Szczeliniec Wielki
38%
Beskid Wyspowy Mogielica
32%
Beskid Niski Lackowa
31%
Góry Orlickie Orlica
30%
Góry Izerskie Wysoka Kopa
30%
Beskid Mały Czupel
26%
Pieniny Wysokie Skałki
26%
Beskid Makowski Lubomir
22%
Góry Kamienne Waligóra
21%
Góry Złote Kowadło
19%
Góry Opawskie Biskupia Kopa
17%
Góry Bystrzyckie Jagodna
16%
Rudawy Janowickie Skalnik
16%
Góry Wałbrzyskie Chełmiec
15%
Góry Kaczawskie Skopiec
15%
Góry Bardzkie Kłodzka Góra
14%
Góry Sanocko-Turczańskie Magura Łomniańska
2%
Nie znaleziono quizów pasujących do podanych kryteriów
Rozkład punktacji
Procent ludzi z każdym wynikiem
Percentyl według liczby udzielonych odpowiedzi
Twoja historia wyników
Nie rozwiązałeś tego quizu